00379nam a2200145Ia 4500003000400000005001700004008004100021040001800062041000800080100005400088110001700142245003500159260001400194710002500208OSt20260317112145.0211028s2017 xx 000 0 und d cAIMIT LIBRARY aeng aD Silva, Osborne C N; Shetty, Annapoorna.g141712 aHemalatha N. aHR payroll management system / aGoac2017 aJDA Software Pvt Ltd